Les 10 meilleurs ailiers droits ALL TIME - Statistiques

Statistiques générales
  • Ce quiz a été pris 187 fois
  • Le résultat moyen est 4 sur 10
Statistiques - réponses
Joueurs % Correct
1. Messi
99%
5. Bale
60%
2. Robben
56%
9. Salah
54%
3. Di Maria
37%
8. Garrincha
31%
4. Figo
27%
6. Best
26%
7. Beckham
17%
10. Pedro
12%
Aucun quiz correspondant
Distribution des résultats
% des personnes avec chaque résultat
Percentile par nombre de réponses
Votre historique - résultats
Vous n’avez pas pris ce quiz